000 00537nam a2200193Ia 4500
001 47482
008 140429s9999 xx 000 0 und d
020 _aNA
040 _cPK-LaUMT
082 _aRHC 320.01
_bANW-J
100 _aAnwaar ul Haq Haqqi
245 _aJadeed siyaasi fikr (Urdu)
_cAnwaar ul Haq Haqqi<>Hashim Qadwai, Muhammad
260 _aNew Delhi,India:
_bTaraqqi Urdyu Beauru,
_c1981
300 _a305 p.
546 _aUR
650 _aPolitical science-Philosophy
700 _aHashim Qadwai, Muhammad
942 _cBK
999 _c45403
_d45403